000 00857nam a2200253Ia 4500
003 OSt
005 20220923211622.0
006 a|||||r|||| 00| 0
007 ta
008 220922b |||||||| |||| 00| 0 hin d
024 _a13,986
037 _cTextual
040 _aARTS
_cARTS
_bhin
041 _2hin
_ahin
082 _aDelta25xJ32,3, 152M3
100 _aगोस्वामी, प्रभू
245 0 _aकृष्णासन्दर्भः
246 _aKṛuṣhṇāsandarbhah
260 _aवृन्दावन
_b हरिदास निवास
_c1983
300 _a524पृ.
_ccm.
650 _aआध्यात्मिक अनुभव और रहस्यवाद
942 _hDelta25xJ32,3, 152M3
_cTEXL
_2CC
999 _c301538
_d301538